प्राचीन भारतीय आभूषण / (Record no. 111751)

MARC details
000 -LEADER
fixed length control field 01189nam a22002657a 4500
005 - DATE AND TIME OF LATEST TRANSACTION
control field 20170124102928.0
010 ## - LIBRARY OF CONGRESS CONTROL NUMBER
LC control number A-650693
020 ## - INTERNATIONAL STANDARD BOOK NUMBER
Terms of availability 300.00
035 ## - SYSTEM CONTROL NUMBER
System control number A-650693
037 ## - SOURCE OF ACQUISITION
Source of stock number/acquisition Cen Lib/Ret
040 ## - CATALOGING SOURCE
Original cataloging agency DPL
Language of cataloging HN
082 ## - DEWEY DECIMAL CLASSIFICATION NUMBER
Classification number 739.2709
Item number तिवारी
100 ## - MAIN ENTRY--PERSONAL NAME
Personal name तिवारी, पुष्पा
9 (RLIN) 44349
245 ## - TITLE STATEMENT
Title प्राचीन भारतीय आभूषण /
Statement of responsibility, etc पुष्पा तिवारी
246 ## - VARYING FORM OF TITLE
Title proper/short title Pracheen bhartiye aabhushan /
Remainder of title by Pushpa Tiwari
260 ## - PUBLICATION, DISTRIBUTION, ETC. (IMPRINT)
Name of publisher, distributor, etc किताब महल
Place of publication, distribution, etc नई दिल्ली
Date of publication, distribution, etc 1992
270 ## - ADDRESS
Address 28, नेताजी सुभाष मार्ग
City नई दिल्ली
Postal code 110002
300 ## - PHYSICAL DESCRIPTION
Extent विभिन्न पृष्ठ. :
Dimensions 23सेमी (सजिल्द)
Other physical details चित्र
500 ## - GENERAL NOTE
General note अनुक्रमाणिका एवं ग्रन्थ सूची शामिल
650 ## - SUBJECT ADDED ENTRY--TOPICAL TERM
Topical term or geographic name as entry element हिंदी -- साहित्य
9 (RLIN) 44350
650 ## - SUBJECT ADDED ENTRY--TOPICAL TERM
Topical term or geographic name as entry element भारतीय आभूषण
9 (RLIN) 779
650 ## - SUBJECT ADDED ENTRY--TOPICAL TERM
Topical term or geographic name as entry element Hindi -- literature
9 (RLIN) 44351
650 ## - SUBJECT ADDED ENTRY--TOPICAL TERM
Topical term or geographic name as entry element Indian Jewellery
9 (RLIN) 44352
942 ## - ADDED ENTRY ELEMENTS (KOHA)
Source of classification or shelving scheme Dewey Decimal Classification
Koha item type Hindi Books
Classification part 739.2709
Call number suffix तिवारी
Holdings
Withdrawn status Lost status Damaged status Not for loan Home library Current library Date acquired Source of acquisition Cost, normal purchase price Total Checkouts Full call number Barcode Date last seen Date checked out Copy number Cost, replacement price Price effective from Koha item type
        Central Library Central Library 05/08/2015 Cen Lib/Ret 300.00 2 739.2709 तिवारी A-650693 01/12/2022 18/11/2022 1 300.00 05/08/2015 Hindi Books

© Delhi Public Library
Hit Counter
free hit counter